Tudor Properties Ltd and another v Bolton MBC (Record no. 63340)
[ view plain ]
| 000 -LEADER | |
|---|---|
| fixed length control field | 02075cam a2200265 4500 |
| 001 - CONTROL NUMBER | |
| control field | ABS62179 |
| 008 - FIXED-LENGTH DATA ELEMENTS--GENERAL INFORMATION | |
| fixed length control field | 000000n2000 000 0 eng u |
| 035 ## - SYSTEM CONTROL NUMBER | |
| System control number | (Sirsi) u105772 |
| 245 ## - TITLE STATEMENT | |
| Title | Tudor Properties Ltd and another v Bolton MBC |
| 260 ## - PUBLICATION, DISTRIBUTION, ETC. | |
| Date of publication, distribution, etc. | 2000 |
| 490 ## - SERIES STATEMENT | |
| Series statement | Rating and Valuation Reporter |
| Volume/sequential designation | [2000] RVR 94-116(23) |
| 520 ## - SUMMARY, ETC. | |
| Summary, etc. | LT 18 February 1999. LT 18 February 1999. To determine compensation payable to claimants T,M and W for freehold interest in land compulsorily purchased. Land with planning permission for leisure development in two phases was unused at the date of entry - 28 May 1997. Land was transferred to THI who commenced work on implementation of the permission almost immediately after the general vesting declarations were made on 28 July 1997. The parties agreed that the physical state of the site and its surroundings and the planning policy background as well as the state of the market must be assessed as at 28 May 1997. The site was to be valued with the benefit of planning permission. The council and claimants each submitted two valuations. Detailed submissions on valuations provided. The council put forward valuations of £815,716 for T and £23,027 for M and W based on the 'narrower no scheme world' principle later increased to £1,253,438 and £35,407 respectively and on an alternative 'wider no scheme world' a valuation of £250,000 to cover all claimants' interest was submitted. Claimants' valuations totalled £6,415,000 for T and £172,000 for M and W. Declared that compensation payable to T M and W should be £2,271,388. |
| 590 ## - LOCAL NOTE (RLIN) | |
| Local note | ABS |
| 650 ## - SUBJECT ADDED ENTRY--TOPICAL TERM | |
| Topical term or geographic name entry element | TUDOR PROPERTIES LTD; C N MCGRATH AND N D WALSH V BOLTON MBC |
| 650 ## - SUBJECT ADDED ENTRY--TOPICAL TERM | |
| Topical term or geographic name entry element | Compulsory purchase |
| 9 (RLIN) | 6228 |
| 650 ## - SUBJECT ADDED ENTRY--TOPICAL TERM | |
| Topical term or geographic name entry element | COMPENSATION |
| 650 ## - SUBJECT ADDED ENTRY--TOPICAL TERM | |
| Topical term or geographic name entry element | FREEHOLD INTEREST |
| 650 ## - SUBJECT ADDED ENTRY--TOPICAL TERM | |
| Topical term or geographic name entry element | VALUATION METHODS |
| 650 ## - SUBJECT ADDED ENTRY--TOPICAL TERM | |
| Topical term or geographic name entry element | PLANNING PERMISSION |
| 650 ## - SUBJECT ADDED ENTRY--TOPICAL TERM | |
| Topical term or geographic name entry element | LEISURE DEVELOPMENT |
| 650 ## - SUBJECT ADDED ENTRY--TOPICAL TERM | |
| Topical term or geographic name entry element | COMPARABLES |
| 650 ## - SUBJECT ADDED ENTRY--TOPICAL TERM | |
| Topical term or geographic name entry element | RESIDUAL METHOD |
| 690 ## - LOCAL SUBJECT ADDED ENTRY--TOPICAL TERM (OCLC, RLIN) | |
| Topical term or geographic name as entry element | ENVIRONMENTAL AND LAND CONSULTANCY-PLANNING AND DEVELOPMENT-COMPULSORY PURCHASE AND COMPENSATION |
| 942 ## - ADDED ENTRY ELEMENTS (KOHA) | |
| Suppress in OPAC | 0 |
| Withdrawn status | Lost status | Source of classification or shelving scheme | Damaged status | Not for loan | Home library | Current library | Shelving location | Date acquired | Total Checkouts | Full call number | Barcode | Date last seen | Copy number | Price effective from | Koha item type |
|---|---|---|---|---|---|---|---|---|---|---|---|---|---|---|---|
| Dewey Decimal Classification | London | London | Journal article | 04/05/2000 | ABS62179 | 105772-1001 | 06/08/2019 | 1 | 06/08/2019 | Law report |